| 000 | 00570nam a22001937a 4500 | ||
|---|---|---|---|
| 005 | 20251108173234.0 | ||
| 008 | 250721s2006 xx 000 0 ara d | ||
| 082 | 1 | 4 | _a618.1/رب |
| 100 | 1 | _aابو الرب، محمود | |
| 245 | 1 | 0 | _aكيف نعالج العقم؟ / |
| 264 | 1 |
_aعمان : _bدار عالم الثقافة للنشر والتوزيع، _c2006. |
|
| 300 | _a119ص. | ||
| 650 | 1 | 7 | _aالعقم |
| 650 | 1 | 7 | _aالأمراض النسائية |
| 650 | 1 | 7 | _aعقم الأنثى |
| 650 | 1 | 7 | _aعقم الذكر |
| 942 |
_2ddc _cBK |
||
| 999 |
_c99256 _d99256 |
||